Italian Language Food - Spices and Condiments - Statistics

General Stats
  • This quiz has been taken 89 times
    44 since last reset
  • The average score is 16 of 21
Answer Stats
Hint Answer % Correct
basil basilico
100%
ketchup ketchup
100%
vanila extract estratto di vaniglia
88%
mayonnaise mayonnese
88%
oil olio
88%
paprika paprica
88%
salt sale
88%
spices spezie
88%
flour farina
75%
yeast lievito
75%
honey miele
75%
oregano origano
75%
pepper pepe
75%
sugar zucchero
75%
shortening accorciamento
63%
vinegar aceto
63%
garlic aglio
63%
baking soda bicarbonato di sodio
63%
parsley prezzemolo
63%
mustard senape
63%
baking powder lievito in polvere
50%
No matching quizzes found
Score Distribution
Percent of People with Each Score
Percentile by Number Answered
Your Score History
You have not taken this quiz since the last reset